Bands by Lead Singer #4 - Statistics

General Stats
  • This quiz has been taken 34 times
  • The average score is 4 of 10
Answer Stats
Hint Answer % Correct
Liam Gallagher Oasis
97%
Beyoncé Knowles Destiny’s Child
73%
Fred Durst Limp Bizkit
63%
Sly Stone Sly and the Family Stone
63%
Tionne ‘T-Boz’ Watkins TLC
40%
Marie Fredriksson Roxette
27%
Chino Moreno Deftones
23%
Steve Harwell Smash Mouth
13%
Alfa Anderson Chic
3%
Lonnie Jordan War
3%
No matching quizzes found
Score Distribution
Percent of People with Each Score
Percentile by Number Answered
Your Score History
You have not taken this quiz